00529 2200193 4500001002100000005001500021007000300036008004100039020002400080035002000104082001100124084001700135100001100152245005200163260004800215300003500263650002300298990001400321INLIS00000000000243220250729012937ta250729 g 0 ind  a979-511-633-9 MAR d a0010-0725000538 a342.52 a342.52 MAR d0 aMarbun1 aDPR-RI, Pertumbuhan dan Cara Kerjanya /cMarbun aJakarta :bPT Gramedia pustaka Utama,c1992 av, 312 hlm :bilus. ;c20,7 cm 4aconstitutional law aBUN025677